000 00739nam a22002177a 4500
003 UA-OsUOA
001 121054
007 ta
008 20170306b un ||||| |||| 00| 0 ukr d
100 _aСангаєвська Н.
090 _a81
_bС18
942 _cSA
040 _aUA-OsUOA
_bukr
_cUA-OsUOA
_dUA-OsUOA
245 _aРозвиток асоціативного мислення у процесі навчання української мови
300 _aС.87
955 _a0
041 _aukr
080 _a81
773 0 _w121053
_tУкраїнська мова та література
_dК.
_d2017
_g4
650 7 _a8 Мовознавство. Художня література. Літературознавство
_2UDC
999 _c407485
_d407485